Statistiken für Vögel A-Z - Bilderquiz

Klicken Sie hier um das Quiz zu spielen!

Allgemein

  • Dieses Quiz wurde 338 mal gespielt
  • Das Durchschnittsergebnis liegt bei 15 aus 23

Antwortstatistiken

Antwort% Korrekt
Amsel
100%
Pinguin
96%
Uhu
96%
Storch
95%
Meise
94%
Emu
92%
Truthuhn
92%
Rabe
91%
Geier
88%
Bussard
86%
Fasan
86%
Habicht
84%
Zaunkönig
67%
Dohle
64%
Lerche
59%
Kuckuck
56%
Wiedehopf
54%
Nilgans
37%
Chileflamingo
20%
Ortolan
17%
Iberienzilpzalp
12%
Junko
4%
Vasapapagei
3%

Verteilung der Resultate

Perzentil nach korrekt beantworteten Fragen

Anzahl Personen mit jedem Resultat

Ihre Resultats-Entwicklung

Sie haben dieses Quiz noch nicht gespielt